000 00257nam a2200109Ia 4500
008 200302s9999 xx 000 0 und d
100 _aElizabeth Heyert
245 _aMetropolitan Places
260 _bPenguin Books Ltd.
260 _c1989
300 _a225 P.,
999 _c1314
_d1314